ARRUPE JESUIT UNIVERSITY

CORONAVIRUS -STOP THE SPREAD - CLEAN,DISINFECT,COVER

The goshawk / (Record no. 120017)

MARC details
000 -LEADER
fixed length control field 00955cam a2200289 i 4500
001 - CONTROL NUMBER
control field 1267781
003 - CONTROL NUMBER IDENTIFIER
control field ARRUPE
005 - DATE AND TIME OF LATEST TRANSACTION
control field 20140207142924.0
008 - FIXED-LENGTH DATA ELEMENTS--GENERAL INFORMATION
fixed length control field 741218r19731951enka 000 0 eng
010 ## - LIBRARY OF CONGRESS CONTROL NUMBER
LC control number 74194034
015 ## - NATIONAL BIBLIOGRAPHY NUMBER
National bibliography number GB74-11668
020 ## - INTERNATIONAL STANDARD BOOK NUMBER
International Standard Book Number 0582348811 :
Terms of availability £0.40
040 ## - CATALOGING SOURCE
Original cataloging agency DLC
Transcribing agency DLC
Modifying agency DLC
050 00 - LIBRARY OF CONGRESS CALL NUMBER
Classification number SK321
Item number .W5 1973
082 00 - DEWEY DECIMAL CLASSIFICATION NUMBER
Classification number 636.6
300 ## - PHYSICAL DESCRIPTION
Other physical details ill. ;
Dimensions 19 cm.
100 1# - MAIN ENTRY--PERSONAL NAME
Personal name White, T. H.
Fuller form of name (Terence Hanbury),
Dates associated with a name 1906-1964.
9 (RLIN) 8561
245 14 - TITLE STATEMENT
Title The goshawk /
Statement of responsibility, etc [by] T. H. White ; with introduction and notes by I. M. Newnham.
260 ## - PUBLICATION, DISTRIBUTION, ETC. (IMPRINT)
Place of publication, distribution, etc London :
Name of publisher, distributor, etc Longman,
Date of publication, distribution, etc 1973.
300 ## - PHYSICAL DESCRIPTION
Extent [6], 186 p. :
490 1# - SERIES STATEMENT
Series statement The Heritage of literature series : modern classics
500 ## - GENERAL NOTE
General note Originally published in 1951 by Cape, London.
650 #0 - SUBJECT ADDED ENTRY--TOPICAL TERM
Topical term or geographic name as entry element Falconry.
9 (RLIN) 8562
650 #0 - SUBJECT ADDED ENTRY--TOPICAL TERM
Topical term or geographic name as entry element Goshawk
General subdivision Anecdotes.
9 (RLIN) 8563
830 #4 - SERIES ADDED ENTRY--UNIFORM TITLE
Uniform title The Heritage of literature series.
9 (RLIN) 8564
906 ## - LOCAL DATA ELEMENT F, LDF (RLIN)
a 7
b cbc
c orignew
d 3
e ncip
f 19
g y-gencatlg
942 ## - ADDED ENTRY ELEMENTS (KOHA)
Source of classification or shelving scheme Library of Congress Classification
Koha item type Monograph ( Printed materials)
Holdings
Withdrawn status Lost status Source of classification or shelving scheme Damaged status Not for loan Collection code Home library Current library Shelving location Date acquired Total Checkouts Full call number Barcode Date last seen Price effective from Koha item type
    Library of Congress Classification     REFERENCE ARRUPE LIBRARY ARRUPE LIBRARY Main Collection 07/02/2014   SK321 .W5 46500000133 11/09/2019 07/02/2014 Monograph ( Printed materials)

 

Arrupe Library. PO Box MP320 Mt Pleasant, Harare, Zimbabwe
263 242 745411|librarian@aju.ac.zw